Clark's Positioning in radiography / (Record no. 168402)

MARC details
000 -LEADER
fixed length control field 00883cam a2200265 i 4500
008 - FIXED-LENGTH DATA ELEMENTS--GENERAL INFORMATION
fixed length control field
020 ## - INTERNATIONAL STANDARD BOOK NUMBER
International Standard Book Number 0433188324 (hbk.)
040 ## - CATALOGING SOURCE
Original cataloging agency DLC
Transcribing agency NUST
Modifying agency CUS
049 ## - LOCAL HOLDINGS (OCLC)
Holding library MAIN
050 ## - LIBRARY OF CONGRESS CALL NUMBER
Classification number RC78.4
Item number CLA
003 - CONTROL NUMBER IDENTIFIER
control field
005 - DATE AND TIME OF LATEST TRANSACTION
control field 20230123141136.0
100 1# - MAIN ENTRY--PERSONAL NAME
Personal name Clark, Kathleen C.
Fuller form of name (Kathleen Clara)
Relator term author
Relationship aut.
245 10 - TITLE STATEMENT
Title Clark's Positioning in radiography /
Statement of responsibility, etc. edited by Louis Kreel, with the assistance of Ann Paris.
250 ## - EDITION STATEMENT
Edition statement 10th edition.
264 ## - PRODUCTION, PUBLICATION, DISTRIBUTION, MANUFACTURE, AND COPYRIGHT NOTICE
Place of production, publication, distribution, manufacture London :
Name of producer, publisher, distributor, manufacturer Ilford/William Heinemann Medical Booksl,
Date of production, publication, distribution, manufacture, or copyright notice 1979.
300 ## - PHYSICAL DESCRIPTION
Extent 1 v ,483 pages :
Other physical details illustrations,
Dimensions 30 cm.
505 0# - FORMATTED CONTENTS NOTE
Formatted contents note v.1. Routine radiography.
650 #0 - SUBJECT ADDED ENTRY--TOPICAL TERM
Topical term or geographic name entry element Radiography, Medical
General subdivision Positioning.
650 #2 - SUBJECT ADDED ENTRY--TOPICAL TERM
Topical term or geographic name entry element Radiography.
700 1# - ADDED ENTRY--PERSONAL NAME
Personal name Kreel, Louis
Relator term author
Relationship aut.
700 1# - ADDED ENTRY--PERSONAL NAME
Personal name Paris, Ann
Relator term author
Relationship aut.
907 ## - LOCAL DATA ELEMENT G, LDG (RLIN)
a .b10396871
b 15-03-19
c 12-03-19
942 ## - ADDED ENTRY ELEMENTS (KOHA)
Koha item type Ordinary Loan Books
Holdings
Date last seen Total Checkouts Full call number Barcode Cost, replacement price Price effective from Koha item type Lost status Source of classification or shelving scheme Damaged status Not for loan Collection Withdrawn status Home library Current library Shelving location Date acquired Cost, normal purchase price
01/23/2023 1 RC78.4 CLA 92004046215 80.00 01/23/2023 BOOKS   LCC     NFIC   MAIN MAIN GEN 01/23/2023 80.00